<?xml version="1.0" encoding="UTF-8"?>
<record
    xmlns:xsi="http://www.w3.org/2001/XMLSchema-instance"
    xsi:schemaLocation="http://www.loc.gov/MARC21/slim http://www.loc.gov/standards/marcxml/schema/MARC21slim.xsd"
    xmlns="http://www.loc.gov/MARC21/slim">

  <leader>00506nam a22001577a 4500</leader>
  <controlfield tag="005">20150930122212.0</controlfield>
  <controlfield tag="008">150930b        xxu||||| |||| 00| 0 eng d</controlfield>
  <datafield tag="040" ind1=" " ind2=" ">
    <subfield code="c">PK-LaUMT</subfield>
  </datafield>
  <datafield tag="082" ind1=" " ind2=" ">
    <subfield code="a">KHC 954.918</subfield>
    <subfield code="b">SIR-W</subfield>
  </datafield>
  <datafield tag="100" ind1=" " ind2=" ">
    <subfield code="a">&#x633;&#x631;&#x645;&#x648;&#x631;&#x679;&#x6CC;&#x645;&#x631; &#x648;&#x6BE;&#x6CC;&#x644;&#x631;</subfield>
  </datafield>
  <datafield tag="245" ind1=" " ind2=" ">
    <subfield code="a">&#x648;&#x627;&#x62F;&#x6CC; &#x633;&#x646;&#x62F;&#x6BE; &#x627;&#x648;&#x631; &#x627;&#x633;&#x6A9;&#x6D2; &#x628;&#x639;&#x62F; &#x6A9;&#x6CC; &#x62A;&#x6C1;&#x632;&#x6CC;&#x628;&#x6CC;&#x6BA;</subfield>
    <subfield code="c">&#x633;&#x631;&#x645;&#x648;&#x631;&#x679;&#x6CC;&#x645;&#x631; &#x648;&#x6BE;&#x6CC;&#x644;&#x631;</subfield>
  </datafield>
  <datafield tag="260" ind1=" " ind2=" ">
    <subfield code="a">&#x646;&#x626;&#x6CC; &#x62F;&#x6C1;&#x644;&#x6CC;</subfield>
    <subfield code="b">&#x62A;&#x631;&#x642;&#x6CC; &#x627;&#x631;&#x62F;&#x648; &#x628;&#x6CC;&#x648;&#x631;&#x648;</subfield>
    <subfield code="c">1980</subfield>
  </datafield>
  <datafield tag="300" ind1=" " ind2=" ">
    <subfield code="a">146 &#x635;</subfield>
  </datafield>
  <datafield tag="700" ind1=" " ind2=" ">
    <subfield code="a">&#x632;&#x628;&#x6CC;&#x631; &#x631;&#x636;&#x648;&#x6CC;(&#x645;&#x62A;&#x631;&#x62C;&#x645;</subfield>
  </datafield>
  <datafield tag="942" ind1=" " ind2=" ">
    <subfield code="c">BK</subfield>
  </datafield>
  <datafield tag="999" ind1=" " ind2=" ">
    <subfield code="c">76810</subfield>
    <subfield code="d">76810</subfield>
  </datafield>
  <datafield tag="952" ind1=" " ind2=" ">
    <subfield code="0">0</subfield>
    <subfield code="1">0</subfield>
    <subfield code="4">0</subfield>
    <subfield code="7">0</subfield>
    <subfield code="a">01</subfield>
    <subfield code="b">01</subfield>
    <subfield code="d">2015-09-30</subfield>
    <subfield code="l">0</subfield>
    <subfield code="o">KHC 954.918 SIR-W</subfield>
    <subfield code="p">70643</subfield>
    <subfield code="r">2015-09-30 00:00:00</subfield>
    <subfield code="w">2015-09-30</subfield>
    <subfield code="y">BK</subfield>
  </datafield>
</record>
